1517 1461 1024 1690 1984 1308 1060 1622 1998 1943 1894 1817 1458 1553 1025 1443 1440 1863 1709 1152 1985 1229 1602 1966 1212 1684 1306 1444 1956 1604 1652 1523 1952 1557 1938 1352 1170 1968 1431 1371 1841 1750 1555 1911 1190 1491 1561 1935 1399 1172 1202 1258 1105 1143 1158 1179 1569 1145 1122 1635 1570 1155 1140 1643 1583 1876 1340 1156 1360 1981 1814 1518 1089 1508 1719 1525 1269 1419 1772 1948 1878 1138 1958 1662 1594 1837 1803 1792 1017 1104 1443 1024 1310 1120 1505 1436 1892 1600 1869 BCNSPRNW ULIB Ver.6.0+V

เปลี่ยนเป็นภาษาไทย

Change to English
 แสดงรายละเอียดบรรณานุกรม
  กลับหน้าหลัก

Brief Record : Get Marc (ISO 2709) : E-mail record : QR code < ปิดหน้าต่าง
LEADER : 00000nam 2200000uu 4500
001    13399120672
003     ULIB
008    121002s2549||||th 000 0 tha d
020    ^a9749993713
050 04 ^aBF713^bพ263ท
100 0  ^aพรรณทิพย์ ศิริวรรณบุศย์
245 10 ^aทฤษฎีจิตวิทยาพัฒนาการ /^cพรรณทิพย์ ศิริวรรณบุศย์
250    ^aพิมพ์ครั้งที่ 3 (ฉบับปรับปรุง)
260    ^aกรุงเทพฯ :^bสำนักพิมพ์แห่งจุฬาลงกรณ์มหาวิทยาลัย,^c2549
300    ^a197 หน้า :^bภาพประกอบ ;^c26 ซม.
650  7 ^aจิตวิทยาพัฒนาการ
650  7 ^aพฤติกรรมมนุษย์
945    ^p150^l0^i14870
945    ^p150^l0^i14871
995    ^aวิภา
999 ^a ใช้งานได้ทุกระบบ
รายการนี้ยังไม่มีแท็ก
คุณยังไม่ได้ล็อกอิน คุณสามารถมีกิจกรรมร่วมกับเว็บไซต์ได้ แต่ต้องล็อกอินก่อน ::
  ล็อกอิน

รายการสื่อสารสนเทศ

ลำดับที่ ประเภท เลขเรียก/บาร์โค้ด สถานที่ สถานะ
1. วิทยาศาสตร์การแพทย์ และสุขภาพ
วิทยาศาสตร์การแพทย์ และสุขภาพ
BF713 พ263ท  
  Barcode: 14870
ห้องสมุดวิทยาเขตสวรรค์ประชารักษ์
►หนังสือทั่วไป
บนชั้น
2. วิทยาศาสตร์การแพทย์ และสุขภาพ
วิทยาศาสตร์การแพทย์ และสุขภาพ
BF713 พ263ท ฉ.2 
  Barcode: 14871
ห้องสมุดวิทยาเขตสวรรค์ประชารักษ์
►หนังสือทั่วไป
บนชั้น

รายการใกล้เคียง
    ผู้แต่ง [พรรณทิพย์ ศิริวรรณบุศย์]

    หัวเรื่อง [จิตวิทยาพัฒนาการ]
    หัวเรื่อง [พฤติกรรมมนุษย์]

BibComment


ยังไม่เคยถูกคอมเมนท์

คอมเมนท์ทรัพยากรรายการนี้
  คอมเมนท์: ทฤษฎีจิตวิทยาพัฒ..


 Copyright 2026. Bcnsprnw @Library